| 000 | 01620nam a2200433 i 4500 | ||
|---|---|---|---|
| 001 | 12262 | ||
| 003 | KOSZ 005 | ||
| 005 | 20220512123809.0 | ||
| 008 | 220512s1963 pl a f 001 0 pol | ||
| 015 | _aPB 1964/4401 | ||
| 040 |
_aWA N _cWA N _dKOSZ 005/RW _dKOSZ 005/HR |
||
| 041 | 1 |
_apol _hger |
|
| 046 | _k1962 | ||
| 080 | _a621.3 | ||
| 080 | _a537 | ||
| 100 | 1 |
_aFritzsche, Christian _eAutor |
|
| 245 | 1 | 0 |
_aTechnologia materiałów półprzewodnikowych / _cChristian Fritzsche ; [z niemieckiego tłumaczyli Stanisław Ignatowicz, Stanisław Andrzej Ignatowicz]. |
| 246 | 1 |
_iTytuł oryginału: _aHerstellung von Halbleitern |
|
| 250 | _aWydanie 2 przerobione i uzupełnione. | ||
| 260 |
_aWarszawa : _bPaństwowe Wydawnictwo Naukowe, _c1963. |
||
| 300 |
_a143 strony : _bilustracje, errata ; _c23 cm. |
||
| 336 |
_aTekst _btxt _2rdacontent |
||
| 337 |
_aBez urządzenia pośredniczącego _bn _2rdamedia |
||
| 338 |
_aWolumin _bnc _2rdacarrier |
||
| 380 | _aKsiążki | ||
| 380 | _aPublikacje naukowe | ||
| 388 | 1 | _a1901-2000 | |
| 388 | 1 | _a1945-1989 | |
| 504 | _aBibliografia na stronach [119]-141. Indeks. | ||
| 650 | 7 | _aPółprzewodniki | |
| 650 | 7 | _aTechnologia | |
| 658 | _aChemia | ||
| 658 | _aInżynieria i technika | ||
| 700 | 1 |
_aIgnatowicz, Stanisław _d(1902-1991) _eTłumaczenie |
|
| 700 | 1 |
_aIgnatowicz, Stanisław Andrzej _d(1933-1993) _eTłumaczenie |
|
| 710 | 2 |
_aPaństwowe Wydawnictwo Naukowe _4pbl |
|
| 856 |
_uhttp://koha.tu.koszalin.pl/cgi-bin/koha/opac-detail.pl?biblionumber=12262 _yKatalog online BPK |
||
| 942 |
_2UKD _cKS |
||
| 999 |
_c12262 _d12262 |
||